000 00804nam a2200253 4500
010 _a809485
020 _a0820824720172
035 _a809485
037 _bCen Lib / Ret
040 _aDPL
_bEn
082 _a020.3
_bENC
245 _aEncyclopedia of library and information science /
_cedited by Allen Kent, Harold Lancour [and] William Z Nasri
260 _aNew York
_bMarcel Deker, Inc
_c1976
270 _a95 Madison Avenue
_bNew York
300 _av 17. 508
_c27cm(Hb)
505 _av 15. Malawi to Metro
650 _aLibrary science -- Encyclopedias.
650 _aInformation science -- Encyclopedias.
650 _aInformation Services.
700 _aKent, Allen
700 _aLancour, Harold
700 _aNasri, William Z.
942 _2ddc
_cEN
_h020.3
_mENC
999 _c137015
_d137015